Statistics for Known Serial Killers

Click here to take the quiz!

General Stats

  • This quiz has been taken 246 times
  • The average score is 6 of 12

Answer Stats

HintAnswer% Correct
Theodore, known to be charmingTed Bundy
90%
Clown, ChicagoJohn Wayne Gacy
78%
WisconsinJeffrey Dahmer
68%
Los Angeles Killing Spree, the Night StalkerRichard Ramirez
58%
Unidentified, Northern California, 1968-1969, Letter to pressZodiac Killer
56%
Plainfield Ghoul, The Mad ButcherEd Gein
38%
Co-Ed Killer, Killed grandparents at 15 years oldEdmund Kemper
38%
Son of Sam, 6 people, New York CityDavid Berkowitz
37%
Kansas, Blind, Tourture, KillDennis Rader
36%
Green River Killer, Captured in 2001Gary Ridgway
31%
1893 World Fair in Chicago, Murder MotelH. H. Holmes
29%
Child murders, Wrote letters to the families of the victimsAlbert Fish
26%

Score Distribution

Percentile by Number Answered

Percent of People with Each Score

Your Score History

You have not taken this quiz